000 00690nam a2200217 a 4500
001 000023095
005 20200930022002.0
008 101126s1967 sp ad r 000 0 spa d
040 _aDO-SdBNP
_bspa
_cBNPHU
082 _axxxx
_bA719a
100 1 _aArjona Ciria, Antonio
_947543
245 1 0 _aAplicaciones del control de producción /
_cAntonio Arjona Ciria.
260 _aBilbao :
_bDeusto,
_c1967.
300 _a159 :
_bil., diag. ;
_c21 cm.
490 1 _aManuales practicos de gestión de empresas
490 1 _aSerie C
500 _aIncluye notas al pie de las páginas.
830 0 _aManuales practicos de gestión de empresas
_929511
830 0 _aSerie C
_947548
049 _aBNGR
999 _c22592
_d22592